[Event "15th European Team Championship (Women)"]
[Site "Gothenburg SWE"]
[Date "2005.08.05"]
[EventDate "2005.07.30"]
[Round "7"]
[Result "1/2-1/2"]
[White "Sophie Milliet"]
[Black "Viktoria Johansson"]
[WhiteElo "2321"]
[BlackElo "2218"]
[PlyCount "128"]

1. e4 c5 2. Nf3 Nc6 3. Bb5 d6 4. O-O Bd7 5. Re1 Nf6 6. c3 a6
7. Bxc6 Bxc6 8. d4 Bxe4 9. Bg5 Bf5 10. Bxf6 gxf6 11. Nh4 Bg6
12. Qf3 Qd7 13. Nd2 d5 14. Qxf6 Rg8 15. dxc5 O-O-O 16. Qf3 e6
17. Nxg6 Rxg6 18. b4 Bh6 19. Rad1 Rdg8 20. g3 Rg4 21. Qd3 Bxd2
22. Rxd2 h5 23. Rc1 h4 24. c4 hxg3 25. fxg3 Qc7 26. Rg2 d4
27. Re1 Kb8 28. Re4 e5 29. Rxg4 Rxg4 30. Qf3 Rg8 31. Rf2 Rf8
32. g4 Qe7 33. Qf6 Qxf6 34. Rxf6 e4 35. Kf2 e3+ 36. Ke1 Rh8
37. Rd6 Rxh2 38. Rxd4 Rxa2 39. Rd8+ Kc7 40. Rf8 Rf2 41. b5
axb5 42. cxb5 Kd7 43. Rb8 Kc7 44. Re8 Rf4 45. Re7+ Kc8 46. b6
Rxg4 47. Rc7+ Kb8 48. Rxf7 Kc8 49. Rc7+ Kb8 50. Re7 Kc8
51. Ke2 Rg3 52. Kd3 e2+ 53. Kxe2 Rh3 54. Kd2 Rg3 55. Kc2 Rh3
56. Rc7+ Kb8 57. Rd7 Kc8 58. Rd3 Rh5 59. Rc3 Kd7 60. Kb3 Kc6
61. Kb4 Rh4+ 62. Rc4 Rh1 63. Rc3 Rh4+ 64. Rc4 Rh1 1/2-1/2

[Event "15th European Team Championship (Women)"]
[Site "Gothenburg SWE"]
[Date "2005.08.06"]
[EventDate "2005.07.30"]
[Round "8"]
[Result "1-0"]
[White "Sophie Milliet"]
[Black "Gudlaug Thorsteinsdottir"]
[WhiteElo "2321"]
[BlackElo "2132"]
[PlyCount "39"]

1. e4 c5 2. Nf3 e6 3. d4 cxd4 4. Nxd4 Nf6 5. Bd3 a6 6. O-O Qc7
7. c4 d6 8. Nc3 Be7 9. b3 Nbd7 10. Bb2 O-O 11. Qe2 b6 12. Kh1
Bb7 13. f4 Nc5 14. Bc2 Rfd8 15. Rad1 Bf8 16. e5 dxe5 17. fxe5
Ne8 18. b4 Nd7 19. Bxh7+ Kh8 20. Qh5 1-0

[Event "Zurich Weihnachtsopen"]
[Site "Zurich SUI"]
[Date "2005.12.28"]
[EventDate "2005.12.26"]
[Round "4"]
[Result "1/2-1/2"]
[White "Mark Bluvshtein"]
[Black "Sophie Milliet"]
[WhiteElo "2544"]
[BlackElo "2330"]
[PlyCount "121"]

1. e4 e5 2. Nf3 Nf6 3. d4 Nxe4 4. Bd3 d5 5. Nxe5 Nd7 6. Nxd7
Bxd7 7. O-O Bd6 8. Qh5 O-O 9. Qxd5 Bc6 10. Qh5 g6 11. Qh6 Re8
12. Be3 Bf8 13. Qh3 h5 14. Bc4 Bg7 15. Nc3 Nxc3 16. bxc3 Re4
17. f4 Bd7 18. Qf3 Qe7 19. Rae1 Bg4 20. Qg3 Re8 21. Bd2 Qd6
22. Rxe4 Rxe4 23. Bd3 Re7 24. Qf2 Qd5 25. f5 Bxf5 26. Bxf5
Qxf5 27. Qxf5 gxf5 28. Rxf5 Re2 29. Rf2 Re6 30. Bf4 Rc6
31. Rf3 Rc4 32. Kf1 Bf8 33. Ke2 c6 34. Be5 Ra4 35. Rf5 Be7
36. Rxh5 f6 37. Bc7 Rxa2 38. Kd3 Ra1 39. Ra5 Rd1+ 40. Ke2 Rc1
41. Rxa7 Rxc2+ 42. Kd3 Rb2 43. Bf4 Kf7 44. Bd2 f5 45. c4 Ke6
46. Ra1 Bf6 47. Re1+ Kf7 48. Re2 b5 49. cxb5 Rxb5 50. Bc3 Rb1
51. Bb2 Rd1+ 52. Kc4 Kg6 53. g3 Kf7 54. Bc3 Rc1 55. Kd3 c5
56. Bb2 c4+ 57. Ke3 Rd1 58. Rc2 Bg5+ 59. Ke2 Rh1 60. Kf3 Rf1+
61. Kg2 1/2-1/2

[Event "TCh-FRA Top 16 Gp A"]
[Site "Clichy FRA"]
[Date "2006.02.04"]
[EventDate "?"]
[Round "2"]
[Result "1-0"]
[White "Sophie Milliet"]
[Black "Laurie Delorme"]
[WhiteElo "2328"]
[BlackElo "2064"]
[PlyCount "85"]

1. e4 e5 2. Nf3 Nc6 3. Bc4 Nf6 4. d3 Be7 5. Bb3 O-O 6. h3 d5
7. exd5 Nxd5 8. O-O Be6 9. Re1 Bf6 10. Na3 a5 11. c3 Re8
12. Nc4 Bc8 13. Ba4 Bd7 14. Bxc6 Bxc6 15. Ncxe5 Qd6 16. d4 b6
17. Nxc6 Qxc6 18. Bg5 Bxg5 19. Nxg5 Qg6 20. Qd2 h6 21. Nf3 Qf5
22. Rxe8+ Rxe8 23. Re1 Rxe1+ 24. Qxe1 Nf4 25. Qe8+ Kh7 26. Qe3
g5 27. Qe5 Nxh3+ 28. gxh3 Qxf3 29. Qxc7 Qxh3 30. Qxf7+ Kh8
31. Qf8+ Kh7 32. Qf7+ Kh8 33. Qe8+ Kh7 34. Qe4+ Kg8 35. d5 Qh5
36. Qe6+ Kg7 37. c4 Qd1+ 38. Kg2 a4 39. Qf5 Qd4 40. b3 h5
41. Qxg5+ Kf8 42. Qxh5 Qe4+ 43. Qf3+ 1-0

[Event "Women's Olympiad"]
[Site "Dresden GER"]
[Date "2008.11.17"]
[EventDate "2008.11.13"]
[Round "5"]
[Result "0-1"]
[White "Sophie Milliet"]
[Black "Lilit Galojan"]
[WhiteElo "2366"]
[BlackElo "2305"]
[PlyCount "114"]

1. e4 e5 2. Nf3 Nc6 3. Bb5 a6 4. Ba4 Nf6 5. O-O Be7 6. Re1 b5
7. Bb3 d6 8. c3 O-O 9. h3 Na5 10. Bc2 c5 11. d4 Qc7 12. Nbd2
Re8 13. Nf1 h6 14. Ng3 Bf8 15. d5 Nc4 16. b3 Nb6 17. a4 bxa4
18. bxa4 a5 19. Nh2 g6 20. Ng4 Nxg4 21. hxg4 Qd8 22. f3 Be7
23. Bxh6 Bh4 24. Kh2 Bg5 25. Bxg5 Qxg5 26. Kg1 Qf4 27. Nf1 Ba6
28. Qd2 Rab8 29. Qxf4 exf4 30. Nd2 c4 31. Reb1 Nd7 32. Rxb8
Rxb8 33. Rb1 Rxb1+ 34. Bxb1 g5 35. Ba2 Ne5 36. g3 Kg7 37. Kg2
Kg6 38. Bb1 Bc8 39. Ba2 Ba6 40. gxf4 gxf4 41. Bb1 f6 42. Bc2
Bc8 43. Bd1 Bd7 44. Be2 Bxa4 45. Bxc4 Bc2 46. Ba2 a4 47. Kf1
Kg5 48. Ke2 Bd3+ 49. Kf2 Bc2 50. Ke2 Kh4 51. c4 Kg3 52. c5
Bd3+ 53. Kd1 dxc5 54. d6 a3 55. Be6 c4 56. Kc1 a2 57. Kb2 c3+
0-1

[Event "Women's Olympiad"]
[Site "Dresden GER"]
[Date "2008.11.21"]
[EventDate "2008.11.13"]
[Round "8"]
[Result "1-0"]
[White "Sophie Milliet"]
[Black "Hulkar Tohirjonova"]
[WhiteElo "2366"]
[BlackElo "2106"]
[PlyCount "68"]

1. e4 c6 2. d4 d5 3. Nc3 dxe4 4. Nxe4 Bf5 5. Ng3 Bg6 6. h4 h6
7. Nf3 Nd7 8. h5 Bh7 9. Bd3 Bxd3 10. Qxd3 e6 11. Bf4 Qa5+
12. Bd2 Bb4 13. c3 Be7 14. c4 Qc7 15. O-O-O Ngf6 16. Kb1 a5
17. Rhe1 Rb8 18. d5 cxd5 19. cxd5 Nc5 20. Qb5+ Nfd7 21. Bxa5
b6 22. Bc3 O-O 23. dxe6 fxe6 24. Ne5 Rbd8 25. Ng6 Rf7
26. Nxe7+ Rxe7 27. Qc4 Qa7 28. Nf5 Rf7 29. Nd4 Qb7 30. Nxe6
Rc8 31. Nxg7 b5 32. Qg4 Kf8 33. Ne6+ Nxe6 34. Qxe6 Kg8 1-0

[Event "17th European Team Championship (Women)"]
[Site "Novi Sad SRB"]
[Date "2009.10.26"]
[EventDate "2009.10.22"]
[Round "5"]
[Result "0-1"]
[White "Ketino Kachiani-Gersinska"]
[Black "Sophie Milliet"]
[WhiteElo "2349"]
[BlackElo "2407"]
[PlyCount "106"]

1. d4 Nf6 2. Nf3 c5 3. d5 e6 4. Nc3 Nxd5 5. Nxd5 exd5 6. Qxd5
Be7 7. e4 d6 8. Ng5 O-O 9. Bc4 Qe8 10. a4 Nc6 11. Bb5 a6
12. Bxc6 bxc6 13. Qd3 a5 14. O-O Ba6 15. c4 Qd8 16. Nf3 d5
17. b3 dxc4 18. Qxd8 Rfxd8 19. bxc4 Bxc4 20. Re1 Bb3 21. Ne5
Bf6 22. f4 Bxe5 23. fxe5 c4 24. Bb2 Rd2 25. Bc3 Rd3 26. Rec1
Re3 27. Kf2 Rxe4 28. Re1 Rh4 29. h3 Rh6 30. Re2 Re6 31. Rd2
Kf8 32. Rd7 Re7 33. Rd6 Ra6 34. Re1 Re6 35. Rxe6 fxe6 36. Re2
Ke7 37. Rd2 c5 38. Ke3 Bxa4 39. Ra2 Bc6 40. Bxa5 Ra8 41. g3
Bd5 42. Ra3 Kd7 43. Kd2 Kc6 44. Ra1 Rf8 45. Ra3 Rf2+ 46. Kc1
Be4 47. Be1 Re2 48. Kd1 Bd3 49. h4 Kd5 50. Ra7 Kd4 51. Rxg7
Rb2 52. Bd2 Rb1+ 53. Bc1 Kc3 0-1

[Event "17th European Team Championship (Women)"]
[Site "Novi Sad SRB"]
[Date "2009.10.27"]
[EventDate "2009.10.22"]
[Round "6"]
[Result "1-0"]
[White "Lilit Mkrtchian"]
[Black "Sophie Milliet"]
[WhiteElo "2469"]
[BlackElo "2407"]
[PlyCount "55"]

1. d4 Nf6 2. c4 c5 3. e3 g6 4. Nc3 cxd4 5. exd4 Bg7 6. Nf3 O-O
7. Be2 d5 8. O-O Nc6 9. Re1 Bg4 10. cxd5 Nxd5 11. h3 Bxf3
12. Bxf3 e6 13. Nxd5 exd5 14. Be3 Qb6 15. Bxd5 Rad8 16. Bxc6
Bxd4 17. Qc2 bxc6 18. b3 c5 19. Rac1 Rd7 20. Bh6 Rc8 21. Re2
Rcd8 22. Rce1 Bg7 23. Bg5 Bf6 24. Bh6 Bg7 25. Bxg7 Kxg7
26. Re7 a6 27. Re8 Qd6 28. Qc4 1-0

[Event "17th European Team Championship (Women)"]
[Site "Novi Sad SRB"]
[Date "2009.10.30"]
[EventDate "2009.10.22"]
[Round "9"]
[Result "1-0"]
[White "Sophie Milliet"]
[Black "Anna-Maria Botsari"]
[WhiteElo "2407"]
[BlackElo "2286"]
[PlyCount "73"]

1. e4 c5 2. c3 d5 3. exd5 Qxd5 4. d4 e6 5. Nf3 Nf6 6. Na3 Nc6
7. Be3 Ng4 8. Bc4 Nxe3 9. fxe3 Qd8 10. O-O Be7 11. e4 cxd4
12. cxd4 O-O 13. Kh1 a6 14. Nc2 b5 15. Bd3 f5 16. Qe2 Bf6
17. a4 b4 18. Bc4 Kh8 19. Rfd1 Qc7 20. e5 Na5 21. exf6 Nxc4
22. fxg7+ Kxg7 23. Rac1 Nb6 24. a5 Nd7 25. Ng5 Nf6 26. d5 Qf4
27. Nd4 Qxg5 28. Rxc8 Qg4 29. Nxe6+ Kg8 30. Rxf8+ Rxf8
31. Qxg4+ Nxg4 32. Kg1 Rf7 33. d6 Ne5 34. Nc5 Nc6 35. d7 Nd8
36. Nxa6 b3 37. Nc7 1-0

[Event "8th Nancy Festival"]
[Site "Nancy FRA"]
[Date "2010.02.22"]
[EventDate "2010.02.22"]
[Round "1"]
[Result "1/2-1/2"]
[White "Yannick Pelletier"]
[Black "Sophie Milliet"]
[WhiteElo "2602"]
[BlackElo "2404"]
[PlyCount "70"]

1. d4 d5 2. c4 c6 3. Nf3 Nf6 4. e3 a6 5. Nc3 b5 6. b3 Bg4
7. Be2 e6 8. O-O Nbd7 9. Bb2 Bd6 10. h3 Bh5 11. Ne5 Bxe2
12. Nxe2 bxc4 13. bxc4 O-O 14. Qc2 Qc7 15. Nd3 Ne4 16. Rfc1
Rfc8 17. c5 Be7 18. Bc3 Rcb8 19. Be1 Bh4 20. f3 Bxe1 21. Rxe1
Ng3 22. Nxg3 Qxg3 23. Rab1 e5 24. Qa4 e4 25. fxe4 Rxb1
26. Rxb1 Qxe3+ 27. Nf2 Rb8 28. Rf1 Nf6 29. exd5 Ne4 30. Qxc6
Ng3 31. Qc7 Re8 32. d6 Ne2+ 33. Kh1 Ng3+ 34. Kg1 Ne2+ 35. Kh1
Ng3+ 1/2-1/2

[Event "8th Nancy Festival"]
[Site "Nancy FRA"]
[Date "2010.02.23"]
[EventDate "2010.02.22"]
[Round "2"]
[Result "0-1"]
[White "Sophie Milliet"]
[Black "Anthony Wirig"]
[WhiteElo "2404"]
[BlackElo "2497"]
[PlyCount "64"]

1. e4 e6 2. d4 d5 3. Nc3 Bb4 4. e5 c5 5. a3 Bxc3+ 6. bxc3 Ne7
7. Qg4 Qc7 8. Qxg7 Rg8 9. Qxh7 cxd4 10. Ne2 Nbc6 11. f4 dxc3
12. Qd3 d4 13. Nxd4 Nxd4 14. Qxd4 Bd7 15. Qf2 Qc6 16. Rg1 Qe4+
17. Qe2 Qh7 18. g3 Bc6 19. Bg2 O-O-O 20. Bxc6 Nxc6 21. Be3 Nd4
22. Qc4+ Kb8 23. Bxd4 Qe4+ 24. Qe2 Qxd4 25. Rg2 Qb6 26. Qf3
Qb2 27. Rd1 Rxd1+ 28. Qxd1 Kc8 29. Qd3 Qa1+ 30. Qd1 Qxa3
31. Re2 Rd8 32. Qb1 Qb2 0-1

[Event "8th Nancy Festival"]
[Site "Nancy FRA"]
[Date "2010.02.24"]
[EventDate "2010.02.22"]
[Round "4"]
[Result "0-1"]
[White "Sophie Milliet"]
[Black "Nicolas Brunner"]
[WhiteElo "2404"]
[BlackElo "2420"]
[PlyCount "86"]

1. e4 c5 2. Nf3 d6 3. d4 cxd4 4. Nxd4 Nf6 5. Nc3 a6 6. Bg5 e6
7. f4 Qb6 8. Qd3 Qxb2 9. Rb1 Qa3 10. f5 Nc6 11. fxe6 fxe6
12. Nxc6 bxc6 13. Be2 Be7 14. Bh5+ Nxh5 15. Bxe7 Nf4 16. Qg3
e5 17. Rd1 Bg4 18. Bxd6 Qa5 19. O-O Bxd1 20. Qg5 Ra7 21. Rxd1
Qxc3 22. Qf5 Rd7 23. Kh1 Qc4 24. Qxe5+ Ne6 25. Rb1 Rb7 26. Rd1
h5 27. h3 Rh6 28. Kh2 Qe2 29. Rd3 Rb5 30. Qc3 Qxe4 31. Re3 Qd5
32. Rd3 Qe4 33. Re3 Qd5 34. Rd3 Rc5 35. Qb4 Qc4 36. Qb8+ Kf7
37. Bxc5 Qxc5 38. Rd7+ Kg6 39. Qg8 Qe5+ 40. Kh1 Qe1+ 41. Kh2
Qe5+ 42. Kh1 Nf4 43. c4 h4 0-1

[Event "8th Nancy Festival"]
[Site "Nancy FRA"]
[Date "2010.02.25"]
[EventDate "2010.02.22"]
[Round "6"]
[Result "1/2-1/2"]
[White "Sophie Milliet"]
[Black "Evgeny Postny"]
[WhiteElo "2404"]
[BlackElo "2648"]
[PlyCount "78"]

1. e4 e5 2. Nf3 Nc6 3. Bc4 Nf6 4. d3 Be7 5. O-O O-O 6. a4 d6
7. a5 a6 8. h3 Be6 9. Re1 h6 10. Nbd2 Nh7 11. c3 Ng5 12. Qb3
Qd7 13. Nxg5 Bxg5 14. Nf3 Bxc1 15. Rexc1 Bxc4 16. Qxc4 Rae8
17. b4 Ne7 18. Rcb1 c6 19. d4 exd4 20. Qxd4 Ng6 21. Re1 Re6
22. Rad1 Rfe8 23. e5 d5 24. c4 Ne7 25. Qc5 Qc8 26. b5 dxc4
27. bxa6 bxa6 28. Qxc4 Ng6 29. Qc5 Qb8 30. Rb1 Qc7 31. Qb6 Qc8
32. Qc5 Qd8 33. Qb6 Qc8 34. Qc5 Nf4 35. Qc4 Nd5 36. Kh2 Rg6
37. Nh4 Rge6 38. Nf3 R6e7 39. Rec1 Re6 1/2-1/2

[Event "8th Nancy Festival"]
[Site "Nancy FRA"]
[Date "2010.02.26"]
[EventDate "2010.02.22"]
[Round "7"]
[Result "1/2-1/2"]
[White "Nikolai Ninov"]
[Black "Sophie Milliet"]
[WhiteElo "2511"]
[BlackElo "2404"]
[PlyCount "56"]

1. e4 e5 2. Nf3 Nf6 3. Nxe5 d6 4. Nc4 Nxe4 5. Qe2 Qe7 6. Ne3
Nf6 7. b3 Nc6 8. Bb2 Be6 9. f4 O-O-O 10. f5 Bd7 11. g4 Ne4
12. Bg2 Qh4+ 13. Kf1 Re8 14. d3 Nf6 15. Nd2 Qg5 16. Ne4 Nxe4
17. Bxe4 h5 18. h4 Qf4+ 19. Qf2 Qxf2+ 20. Kxf2 hxg4 21. h5 f6
22. Nxg4 d5 23. Bxd5 Bc5+ 24. Kf3 Nd4+ 25. Bxd4 Bxd4 26. Raf1
Bxf5 27. Kg3 Bd7 28. Be4 Be5+ 1/2-1/2

[Event "8th Nancy Festival"]
[Site "Nancy FRA"]
[Date "2010.02.27"]
[EventDate "2010.02.22"]
[Round "8"]
[Result "1/2-1/2"]
[White "Jean-Baptiste Mullon"]
[Black "Sophie Milliet"]
[WhiteElo "2458"]
[BlackElo "2404"]
[PlyCount "37"]

1. e4 e5 2. Nf3 Nf6 3. Nc3 Nc6 4. Bb5 Bb4 5. O-O O-O 6. d3
Bxc3 7. bxc3 d6 8. Bg5 Bd7 9. Nd2 h6 10. Bh4 g5 11. Bxc6 Bxc6
12. Bg3 Ne8 13. d4 Qe7 14. Re1 Ng7 15. f3 b6 16. Nc4 f6
17. Ne3 Kh7 18. Qd3 Qf7 19. Qc4 1/2-1/2

[Event "8th Nancy Festival"]
[Site "Nancy FRA"]
[Date "2010.02.28"]
[EventDate "2010.02.22"]
[Round "9"]
[Result "0-1"]
[White "Sophie Milliet"]
[Black "Aliaksei Charnushevich"]
[WhiteElo "2404"]
[BlackElo "2501"]
[PlyCount "116"]

1. e4 c5 2. Nf3 e6 3. d4 cxd4 4. Nxd4 Qb6 5. Nc3 Bc5 6. Na4
Qa5+ 7. c3 Bxd4 8. Qxd4 Nf6 9. Nc5 Qc7 10. Bg5 Nc6 11. Qe3 b6
12. Nb3 Bb7 13. Be2 Ne5 14. Nd2 h6 15. Bh4 O-O-O 16. f4 Ng6
17. Bg3 h5 18. f5 Ne5 19. fxe6 dxe6 20. Qg5 Nfd7 21. O-O-O h4
22. Bf4 f6 23. Qxg7 Rhg8 24. Qe7 Rxg2 25. Nc4 Rxe2 26. Nd6+
Kb8 27. Nb5 Nd3+ 28. Rxd3 Qxf4+ 29. Kd1 Rc8 30. Rxd7 Bxe4
31. Kxe2 Bxh1 32. Qd6+ Qxd6 33. Rxd6 Rg8 34. Rxe6 Bd5 35. Rxf6
Bc4+ 36. Kf3 Bxb5 37. Rh6 Rf8+ 38. Ke3 Re8+ 39. Kd4 Re2 40. c4
Bd7 41. Rxh4 Rxb2 42. Rh7 Kc7 43. a3 Rb3 44. a4 Ra3 45. h4
Rxa4 46. Kc3 Kd6 47. Kb3 Ra1 48. h5 Rh1 49. h6 Rh3+ 50. Kb2 a5
51. Rh8 Bf5 52. Rd8+ Kc7 53. Rh8 Bg6 54. Ka2 Kd6 55. Rb8 Kc5
56. Rc8+ Kb4 57. Rc6 Rh2+ 58. Ka1 Ka3 0-1

[Event "French Championship (Women)"]
[Site "Belfort FRA"]
[Date "2010.08.16"]
[EventDate "2010.08.10"]
[Round "6"]
[Result "1-0"]
[White "Sophie Milliet"]
[Black "Marina Roumegous"]
[WhiteElo "2367"]
[BlackElo "2181"]
[PlyCount "71"]

1. e4 c6 2. Ne2 d5 3. e5 d4 4. c3 c5 5. f4 Nc6 6. Ng3 Nh6
7. Be2 g6 8. O-O Bg7 9. d3 O-O 10. Nd2 f6 11. exf6 exf6
12. Nb3 Qd6 13. Ne4 Qe7 14. Nexc5 f5 15. c4 Rb8 16. Bf3 Nd8
17. Re1 Qd6 18. Na4 Bd7 19. Nbc5 Bc8 20. Bd2 b6 21. Nb3 Bd7
22. Nc1 Ne6 23. g3 Rfe8 24. b4 Qc7 25. Nb2 a5 26. b5 Nf7
27. Nb3 Nd6 28. Bd5 Kh8 29. Qf3 Nc5 30. Rxe8+ Rxe8 31. Re1
Rxe1+ 32. Bxe1 Ne6 33. Bf2 a4 34. Bxe6 axb3 35. Bxd7 bxa2
36. Qa8+ 1-0

[Event "French Championship (Women)"]
[Site "Belfort FRA"]
[Date "2010.08.17"]
[EventDate "2010.08.10"]
[Round "7"]
[Result "1-0"]
[White "Pauline Guichard"]
[Black "Sophie Milliet"]
[WhiteElo "2320"]
[BlackElo "2367"]
[PlyCount "211"]

1. d4 Nf6 2. c4 e6 3. Nc3 Bb4 4. e3 O-O 5. Nge2 d5 6. a3 Bd6
7. Ng3 c6 8. Bd3 Nbd7 9. cxd5 exd5 10. Nf5 Bc7 11. O-O Re8
12. f3 Nf8 13. Bd2 g6 14. Ng3 Ne6 15. b4 h5 16. Re1 h4 17. Nf1
Ng7 18. Qe2 Bf5 19. Rad1 Bxd3 20. Qxd3 Ne6 21. Re2 Nh5 22. Be1
Qf6 23. Rb2 a6 24. Qd2 Ng5 25. f4 Ne4 26. Nxe4 Rxe4 27. Qf2 h3
28. Nd2 Re7 29. g4 Rae8 30. gxh5 Rxe3 31. Nf1 Bxf4 32. Kh1
R3e4 33. Ng3 Bxg3 34. Qxf6 Rxe1+ 35. Qf1 Rxf1+ 36. Rxf1 Bd6
37. hxg6 fxg6 38. Rbf2 Rf8 39. Rf6 Kg7 40. Rxf8 Bxf8 41. Rf3
Be7 42. Rxh3 Bf6 43. Rd3 Kf7 44. Kg2 Ke6 45. Kf3 Kf5 46. Rd1
g5 47. h3 Be7 48. Re1 Bf6 49. Ke3 Ke6 50. Kd3+ Kd7 51. Kc3 Be7
52. Rf1 Ke6 53. Kd3 Bf6 54. Ke3 Bg7 55. a4 Bf6 56. b5 axb5
57. axb5 Be7 58. Rb1 Kd6 59. Kd3 Bf6 60. bxc6 bxc6 61. Rb7 Ke6
62. Ke3 Kd6 63. Ra7 Ke6 64. Ra4 Kd6 65. Kf3 Kc7 66. Ke3 Kb6
67. Rb4+ Kc7 68. Kf3 Be7 69. Ra4 Kb6 70. Ra1 Bf6 71. Rb1+ Kc7
72. Ke3 Be7 73. Kd3 Bf6 74. Rf1 Be7 75. Ke3 Kd6 76. Ra1 Bf6
77. Ra7 Be7 78. Kf3 Bf6 79. Ra4 Kc7 80. Rb4 Be7 81. Rb1 Bf6
82. Rd1 Kd6 83. Kg4 Ke6 84. Rd2 Bd8 85. Rc2 Kd6 86. Kf5 Bb6
87. Rd2 Bd8 88. Rb2 Ba5 89. Rc2 Bb6 90. Rd2 Bd8 91. Rd1 Kd7
92. Rb1 Kd6 93. Rb8 Ba5 94. Rg8 Bd2 95. Rg6+ Kd7 96. Rg7+ Kd6
97. Rg6+ Kd7 98. Rxg5 Bxg5 99. Kxg5 c5 100. dxc5 Kc6 101. h4
d4 102. Kf4 Kxc5 103. h5 Kc4 104. h6 d3 105. Ke3 Kc3 106. h7
1-0

[Event "French Championship (Women)"]
[Site "Belfort FRA"]
[Date "2010.08.19"]
[EventDate "2010.08.10"]
[Round "9"]
[Result "1/2-1/2"]
[White "Sophie Milliet"]
[Black "Maria Nepeina Leconte"]
[WhiteElo "2367"]
[BlackElo "2337"]
[PlyCount "64"]

1. e4 c5 2. Nf3 d6 3. d4 cxd4 4. Nxd4 Nf6 5. Nc3 Bd7 6. Bg5 e6
7. Qd2 a6 8. f4 h6 9. Bxf6 Qxf6 10. O-O-O Nc6 11. Nf3 Qd8
12. f5 Qa5 13. Bc4 O-O-O 14. fxe6 fxe6 15. Bb3 Be7 16. Kb1 Kb8
17. Ne2 Qxd2 18. Rxd2 Na5 19. Nf4 Nxb3 20. axb3 Bg5 21. Nxg5
hxg5 22. Nh3 g4 23. Nf2 g3 24. hxg3 Rxh1+ 25. Nxh1 Bc6 26. Nf2
Rf8 27. Kc1 d5 28. e5 Rf5 29. Nd3 Rg5 30. Re2 Rxg3 31. Nf4 Bd7
32. Kd2 Rg5 1/2-1/2

[Event "French Championship (Women)"]
[Site "Belfort FRA"]
[Date "2010.08.20"]
[EventDate "2010.08.10"]
[Round "10"]
[Result "1/2-1/2"]
[White "Almira Skripchenko"]
[Black "Sophie Milliet"]
[WhiteElo "2458"]
[BlackElo "2367"]
[PlyCount "27"]

1. Nf3 Nf6 2. g3 d5 3. Bg2 c6 4. O-O Bg4 5. d3 Nbd7 6. h3 Bh5
7. Nbd2 e5 8. e4 dxe4 9. dxe4 Bc5 10. c3 O-O 11. Qc2 Re8
12. Re1 Bf8 13. Nb3 Nc5 14. Nxc5 1/2-1/2

[Event "Chess Olympiad (Women)"]
[Site "Khanty-Mansiysk RUS"]
[Date "2010.09.23"]
[EventDate "2010.09.21"]
[Round "3"]
[Result "1-0"]
[White "Sophie Milliet"]
[Black "Yang Liu"]
[WhiteElo "2388"]
[BlackElo "2083"]
[PlyCount "75"]

1. e4 c5 2. Nf3 Nc6 3. Bb5 Qb6 4. Nc3 e6 5. Bxc6 Qxc6 6. d4 b5
7. d5 Qb7 8. O-O b4 9. Ne2 Nf6 10. Ng3 d6 11. Bg5 Be7 12. Bxf6
gxf6 13. Qd2 Bd7 14. a3 b3 15. cxb3 Qxb3 16. Rfc1 Rb8 17. Rab1
h5 18. h4 e5 19. Rc3 Qa4 20. b4 Bd8 21. Rcc1 Qxa3 22. bxc5
Rxb1 23. Rxb1 Qxc5 24. Rb8 Bg4 25. Qb2 O-O 26. Rb5 Qc4 27. Nh2
Bb6 28. Nxg4 hxg4 29. Rb4 Qd3 30. Rxb6 axb6 31. Qc1 Ra8
32. Kh2 Ra2 33. Qc8+ Kh7 34. Qf5+ Kg7 35. Qxg4+ Kf8 36. Qc8+
Kg7 37. Nf5+ Kh7 38. Qf8 1-0

[Event "Chess Olympiad (Women)"]
[Site "Khanty-Mansiysk RUS"]
[Date "2010.09.25"]
[EventDate "2010.09.21"]
[Round "5"]
[Result "1/2-1/2"]
[White "Thi Mai Hung Nguyen"]
[Black "Sophie Milliet"]
[WhiteElo "2258"]
[BlackElo "2388"]
[PlyCount "90"]

1. d4 Nf6 2. Bf4 e6 3. e3 c5 4. c3 b6 5. Nf3 Be7 6. h3 O-O
7. Nbd2 cxd4 8. exd4 Ba6 9. Bxa6 Nxa6 10. Qe2 Qc8 11. O-O Qb7
12. Nc4 Nc7 13. a4 Ncd5 14. Bh2 a6 15. Nfd2 b5 16. axb5 axb5
17. Nd6 Bxd6 18. Bxd6 Rfc8 19. Qf3 Ra6 20. Be5 Qa7 21. Rxa6
Qxa6 22. Qe2 Qa4 23. Qd1 Qxd1 24. Rxd1 Ra8 25. c4 bxc4
26. Nxc4 Ra4 27. Rc1 h5 28. g3 Rb4 29. Rc2 Kh7 30. Bd6 Rb3
31. Ne5 Nb4 32. Re2 Nc6 33. Nxc6 dxc6 34. Rc2 Kg6 35. Ba3 h4
36. Kh2 hxg3+ 37. fxg3 Rd3 38. Rxc6 Rxd4 39. Rc2 Rd3 40. Re2
Nd5 41. Bc5 Rb3 42. Kg2 Rb5 43. Bd4 Rb4 44. Bc5 Rb5 45. Bd4
Rb4 1/2-1/2

[Event "Chess Olympiad (Women)"]
[Site "Khanty-Mansiysk RUS"]
[Date "2010.09.28"]
[EventDate "2010.09.21"]
[Round "7"]
[Result "1/2-1/2"]
[White "Shadi Paridar"]
[Black "Sophie Milliet"]
[WhiteElo "2242"]
[BlackElo "2388"]
[PlyCount "56"]

1. e4 e5 2. Nf3 Nc6 3. Bb5 f5 4. Nc3 fxe4 5. Nxe4 d5 6. Nxe5
dxe4 7. Nxc6 Qg5 8. Qe2 Nf6 9. f4 Qxf4 10. d4 Qd6 11. Ne5+ c6
12. Bc4 Be6 13. Bg5 O-O-O 14. O-O-O Be7 15. Kb1 Rhf8 16. Rhf1
Bxc4 17. Qxc4 Nd5 18. Bxe7 Qxe7 19. Qe2 Rxf1 20. Rxf1 Qb4
21. Qg4+ Kb8 22. Qg3 Ka8 23. c3 Qa4 24. Qh4 Nxc3+ 25. bxc3
Qb5+ 26. Kc2 Qe2+ 27. Kb3 Qb5+ 28. Kc2 Qe2+ 1/2-1/2

[Event "Chess Olympiad (Women)"]
[Site "Khanty-Mansiysk RUS"]
[Date "2010.09.29"]
[EventDate "2010.09.21"]
[Round "8"]
[Result "1-0"]
[White "Sabrina Vega Gutierrez"]
[Black "Sophie Milliet"]
[WhiteElo "2368"]
[BlackElo "2388"]
[PlyCount "73"]

1. e4 e5 2. Nf3 Nf6 3. Nxe5 d6 4. Nf3 Nxe4 5. Qe2 Qe7 6. d3
Nf6 7. Nc3 Qxe2+ 8. Bxe2 Be7 9. Nd4 c6 10. O-O Na6 11. Re1 Nc7
12. Bf3 Bd7 13. b4 Kd8 14. Rb1 Re8 15. h3 Bf8 16. Be3 d5
17. Nce2 Kc8 18. c4 a5 19. b5 c5 20. Nb3 d4 21. Bd2 a4 22. Na5
Rb8 23. Bf4 b6 24. Nc6 Bxc6 25. Bxc6 Rd8 26. Ng3 g6 27. Ne4
Nxe4 28. Rxe4 Bd6 29. Bxd6 Rxd6 30. Re7 Rf6 31. Rbe1 h5
32. R1e5 Rf4 33. Rd7 Ne6 34. Red5 Rf5 35. R5d6 Nf8 36. Rd8+
Kc7 37. Rxb8 1-0

[Event "French Team Championships"]
[Site "Mulhouse FRA"]
[Date "2011.05.28"]
[EventDate "2011.05.26"]
[Round "3.8"]
[Result "1-0"]
[White "Sophie Milliet"]
[Black "Alexandra Wilson"]
[WhiteElo "2388"]
[BlackElo "2021"]
[PlyCount "45"]

1. e4 e6 2. d4 d5 3. Nc3 Bb4 4. Ne2 Nf6 5. e5 Nfd7 6. f4 f5
7. a3 Be7 8. g4 Nb6 9. Ng3 g6 10. Be3 Bd7 11. Bd3 Qc8 12. Qe2
c5 13. dxc5 Bxc5 14. Bxc5 Qxc5 15. gxf5 gxf5 16. O-O-O d4
17. Nb5 Bxb5 18. Bxb5+ Nc6 19. Qh5+ Kd8 20. Bxc6 bxc6 21. Ne2
Nd5 22. Nxd4 Re8 23. Qf7 1-0

[Event "French Team Championships"]
[Site "Mulhouse FRA"]
[Date "2011.05.30"]
[EventDate "2011.05.26"]
[Round "5"]
[Result "1-0"]
[White "Sophie Milliet"]
[Black "Malina Nicoara"]
[WhiteElo "2388"]
[BlackElo "2104"]
[PlyCount "97"]

1. e4 g6 2. d4 Bg7 3. Nc3 c6 4. Nf3 d5 5. h3 Nh6 6. Bf4 O-O
7. Qd2 dxe4 8. Nxe4 Nf5 9. c3 Na6 10. Bxa6 bxa6 11. O-O a5
12. Nc5 Re8 13. Rfe1 e6 14. Rad1 a6 15. Ne5 f6 16. Nc4 Bf8
17. Qc2 Ra7 18. Qa4 Bxc5 19. dxc5 Bd7 20. Bd6 Rb7 21. Nb6 Rxb6
22. cxb6 Qxb6 23. Ba3 Bc8 24. Qc4 Kf7 25. b3 Kg7 26. Qc5 Qc7
27. c4 Kf7 28. Bb2 e5 29. a4 Be6 30. Bc3 Qb7 31. Rb1 Rd8
32. Bxa5 Rd3 33. Bb4 Qc8 34. Red1 Rxd1+ 35. Rxd1 g5 36. Qa7+
Kg6 37. Bc3 c5 38. Qb6 Nd4 39. Bxd4 exd4 40. Re1 Bf5 41. Re7
d3 42. Qd6 h5 43. Kf1 h4 44. a5 Qa8 45. f3 Qc8 46. Ke1 Qa8
47. Kd2 Qf8 48. Kd1 Qa8 49. Rc7 1-0

[Event "French Team Championships"]
[Site "Mulhouse FRA"]
[Date "2011.05.31"]
[EventDate "2011.05.26"]
[Round "6"]
[Result "1-0"]
[White "Daniel van Heirzeele"]
[Black "Sophie Milliet"]
[WhiteElo "2143"]
[BlackElo "2388"]
[PlyCount "69"]

1. d4 Nf6 2. c4 c5 3. d5 b5 4. Qc2 g6 5. e4 bxc4 6. Bxc4 d6
7. Nf3 Bg7 8. O-O O-O 9. Nc3 Ba6 10. Nb5 Nfd7 11. a4 Bxb5
12. axb5 Nb6 13. Be2 Qc8 14. Bd2 Qb7 15. Bc3 a6 16. Bxg7 Kxg7
17. b4 c4 18. Bxc4 Nxc4 19. Qxc4 axb5 20. Qd4+ Kg8 21. Rxa8
Qxa8 22. Ra1 Qb7 23. Qa7 Qxa7 24. Rxa7 Rc8 25. Kf1 Kg7
26. Rxe7 Rc4 27. Rb7 Na6 28. e5 dxe5 29. d6 Kf6 30. d7 Ke7
31. Nxe5 Rc1+ 32. Ke2 Rc2+ 33. Kd1 Rc7 34. Rxb5 f6 35. Rd5 1-0